<?xml version="1.0" encoding="UTF-8"?>
<collection xmlns="http://www.loc.gov/MARC21/slim">
 <record>
  <leader>01571nam a2200205Ia 4500</leader>
  <controlfield tag="001">CTU_173015</controlfield>
  <controlfield tag="008">210402s9999    xx            000 0 und d</controlfield>
  <datafield tag="082" ind1=" " ind2=" ">
   <subfield code="a">582.1</subfield>
  </datafield>
  <datafield tag="082" ind1=" " ind2=" ">
   <subfield code="b">B312</subfield>
  </datafield>
  <datafield tag="088" ind1=" " ind2=" ">
   <subfield code="a">60850101</subfield>
  </datafield>
  <datafield tag="100" ind1=" " ind2=" ">
   <subfield code="a">Lê, Văn Bình</subfield>
  </datafield>
  <datafield tag="245" ind1=" " ind2="0">
   <subfield code="a">Phân bố của các loại thực vật thân thảo theo độ sâu ngập nước ở khu đa dạng sinh học A1 vườn quốc gia Tràm Chim</subfield>
  </datafield>
  <datafield tag="245" ind1=" " ind2="0">
   <subfield code="c">Lê Văn Bình</subfield>
  </datafield>
  <datafield tag="260" ind1=" " ind2=" ">
   <subfield code="a">Cần Thơ</subfield>
  </datafield>
  <datafield tag="260" ind1=" " ind2=" ">
   <subfield code="b">Trường Đại học Cần Thơ</subfield>
  </datafield>
  <datafield tag="260" ind1=" " ind2=" ">
   <subfield code="c">2011</subfield>
  </datafield>
  <datafield tag="520" ind1=" " ind2=" ">
   <subfield code="a">Thực vật thân thảo là đối tượng nghiên cứu với nhiều mục tiêu như chỉ thị môi trường, thay đổi điều kiện môi trường  từ mùa này sang mùa khác và sự thay đổi của thực vật thân thảo theo từng địa hình, độ sâu khác nhau. Nghiên cứu đã chọn khu đa dạng sinh học A1 Vườn Quốc gia Tràm Chim để khảo sát. Để góp phần vào việc quản lý chế độ nước, đề tài nghiên cứu này tiến hành khảo sát sự phân bố của các loài thực vật ở khu A1. Do thực vật bậc cao rất đa dạng, nên nghiên cứu chỉ tập trung cho việc khảo sát thực vật thân thảo.</subfield>
  </datafield>
  <datafield tag="650" ind1=" " ind2=" ">
   <subfield code="a">Herbaceous plants,Thực vật thân thảo</subfield>
  </datafield>
  <datafield tag="904" ind1=" " ind2=" ">
   <subfield code="i">N.Anh, Trong Hieu</subfield>
  </datafield>
  <datafield tag="980" ind1=" " ind2=" ">
   <subfield code="a">Trung tâm Học liệu Trường Đại học Cần Thơ</subfield>
  </datafield>
 </record>
</collection>
